000 01671cam a22004574i 4500
003 PE-LiUPU
005 20250731173522.0
008 150616s r 000 0 d
020 _a0687197295
035 _a(Sirsi) i9780687197293
040 _aPE-LiUPU
_bspa
_cPE-LiUPU
_erda
049 _aPRUA
082 0 4 _a253
_bS31
_221
100 1 _aSchaller, Lyle E.,
_eautor.
245 1 0 _aIt's a Different World. The Challenge for today's Pastor.
264 1 _aNashville :
_bAbingdon Press,
_c1989.
300 _a239 páginas ;
_c21 centímetros
336 _atext
_2rdacontent
337 _aunmediated
_2rdamedia
338 _avolume
_2rdacarrier
505 0 _aIt is Harder Today.- The Sunny side of the Street.- From Mainline to Nondenominational.- What is the Liberal Position?.- The New Majority.- The Twenty-Nine-Year-Old Grandmother.- From Vocation to Profession?.- From Doorbell to Mailbox.- A World Filled with Choices.
526 _aSEG42
526 _aSEG41
526 _aSEG40
526 _aSEG39
526 _aP94
526 _aP87
526 _aP86
526 _aP85
526 _aP77
526 _aP76
526 _aP35
650 0 4 _aPASTORES - FUNCIONES.
910 _ajck
_bjvq
_cjck
942 _2ddc
_cBOOK
949 _a253 S31
_wDEWEY
_c1
_i41896
_lCCODEBUL1
_mBUL
_r0
_sY
_tBOOK
_u2015-6-16
_xTEOLOGIA
_zUNKNOWN
_0COMPRA
_o.STAFF. Colección General
994 _aC0
_bPEPRU
596 _a1
999 _a253 S31
_wDEWEY
_c59658
_i41896
_f2021-11-10
_g5
_lCCODEBUL1
_mBUL
_r0
_sY
_tBOOK
_u2015-6-16
_xTEOLOGIA
_zUNKNOWN
_0COMPRA
_o.STAFF. Colección General
_d59658
980 _81
_gALBERTO SANCHEZ Responsable de Automatización